000 00520nam a2200205Ia 4500
005 20240217092856.0
008 131103s9999 xx 000 0 und d
040 _aLoreto College
041 _aEnglish
082 _a370.947
_bGRA
100 _aGrant,Nigel
245 _aSoviet Education,
_cNigel Grant
260 _aHarmondsworth
_bPenguin Books
_c1964
300 _a190 p.
504 _aIncludes bibliography and index
650 _aEducation
651 _aEastern Europe
850 _aLCLIB
942 _cBK
999 _c3933
_d54412